Introduction to unix/linux / (Record no. 29730)

000 -LEADER
fixed length control field 00816 a2200205 4500
020 ## - INTERNATIONAL STANDARD BOOK NUMBER
International Standard Book Number 1584504498
020 ## - INTERNATIONAL STANDARD BOOK NUMBER
International Standard Book Number 9781584504498
082 ## - DEWEY DECIMAL CLASSIFICATION NUMBER
Classification number 005.282
090 ## - LOCALLY ASSIGNED LC-TYPE CALL NUMBER (OCLC); LOCAL CALL NUMBER (RLIN)
-- 1115
-- 1115
100 1# - MAIN ENTRY--PERSONAL NAME
Personal name Diaz, Christopher.
245 10 - TITLE STATEMENT
Title Introduction to unix/linux /
Statement of responsibility, etc. Christopher Diaz.
260 ## - PUBLICATION, DISTRIBUTION, ETC.
Place of publication, distribution, etc. [S.l.] :
Name of publisher, distributor, etc. Charles River Media,
Date of publication, distribution, etc. 2007.
300 ## - PHYSICAL DESCRIPTION
Extent 448 p. ;
Dimensions 24 cm.
490 1# - SERIES STATEMENT
Series statement Charles river media operating systems series.
700 ## - ADDED ENTRY--PERSONAL NAME
Personal name Diaz, Christopher.
830 #0 - SERIES ADDED ENTRY--UNIFORM TITLE
Uniform title Charles river media operating systems series.
942 ## - ADDED ENTRY ELEMENTS (KOHA)
Institution code [OBSOLETE] SNS
Koha item type Book
Call number prefix 005.282 DIA
Holdings
Withdrawn status Lost status Damaged status Not for loan Permanent Location Current Location Date acquired Total Checkouts Full call number Barcode Date last seen Price effective from Koha item type
        School of Natural Sciences (SNS) School of Natural Sciences (SNS) 05/26/2016   005.282 DIA SNS0001614 05/26/2016 05/26/2016 Book
        School of Natural Sciences (SNS) School of Natural Sciences (SNS) 05/26/2016   005.282 DIA SNS0001615 05/26/2016 05/26/2016 Book
© 2023 Central Library, National University of Sciences and Technology. All Rights Reserved.